00340nam a2200109Ia 4500008004100000020001800041100001700059245009700076250001100173260003200184300001400216180116s9999 xx 000 0 und d a9781118833360 aWang, Binghe cBinghe Wang, Longqin Hu, Teruna J. Siahaan /aDrug Delivery :bPrinciples and Applications / a2nd ed bJohn Wiley & Sons Incc2016 a697 pages